000 00468nam a2200181Ia 4500
001 2146
005 20260306143820.0
008 260306t2009||||xx |||||||||||||| ||spa||
041 _aESP
082 _a615.78
_bS29
100 _aSchatzberg, Alan F.
_eAUT
245 4 _aThe American Psychiatric Publishing Textbook of Psychopharmacology
260 _c2009
300 _axxix, 1615 páginas :
_c28 cm.
650 _aGEN
654 _aCPS
942 _cLIB
_dJUS
_fJUS
_2ddc
_n
999 _c2146
_d2146